000 01538nam a2200241Ia 4500
005 20240118143025.0
008 130821s1936 ck fr ddspa
040 _aCo-BoUCM
_bspa
_cSandra Yazo
_dSandra Yazo
041 0 0 _aspa
082 0 4 _a862.5
_220
092 _aE52N130
100 1 _9164120
_aZalamea Borda, Jorge
_d1905-1969
245 1 0 _aEl regreso de Eva.
_cJorge Zalamea
260 _aBogotá (Colombia)
_bEditorial Minerva S. A.
_c1936
300 _a156, [1] páginas
_c18 x 14 cm
490 0 _aBiblioteca Aldeana de Colombia
_v100
500 _aDetalles físicos: Sin encuadernación original. Actualmente: Encuadernación rígida (holandesa) en cartón forrado en papel jaspeado en tono azul. Lomo de tela, con letras y líneas decorativas en dorado. Cortes decorados (jaspeado azul). Guardas. Hoja de cortesía. Portada impresa en una sola tinta. Grabado con el emblema de la Colección. Texto impreso en una sola columna, con diferentes tipos y tamaños de letra. Notas de pie de página. Papel oxidado en bordes de las hojas. Residuos de cinta pegante en tapas. Doblez en esquina inferior de últimas hojas. En la encuadernación (lomo) se indica una numeración (100). Colección Aldeana de Colombia es una selección de Samper Ortega de Literatura Colombiana
505 0 _aLuis Enrique Osorio -- El Iluminado, drama en cuatro actos y en prosa
506 _aConsulta en sala
650 7 _aTeatro colombiano
_925057
690 _aLiteratura colombiana
_918629
942 _cLIBRO
_a24
_e1
_2LOCAL
_hE52N130
_n0
999 _c323763
_d323763